List of books and prices. (Record no. 21291)

MARC details
000 -LEADER
fixed length control field 00885cam a22002291 4500
001 - CONTROL NUMBER
control field e 33000060
003 - CONTROL NUMBER IDENTIFIER
control field DLC
005 - DATE AND TIME OF LATEST TRANSACTION
control field 20260227111223.0
008 - FIXED-LENGTH DATA ELEMENTS--GENERAL INFORMATION
fixed length control field 880621s1932 ilu 000 0 eng
010 ## - LIBRARY OF CONGRESS CONTROL NUMBER
LC control number e 33000060
035 ## - SYSTEM CONTROL NUMBER
System control number (OCoLC)18117320
040 ## - CATALOGING SOURCE
Original cataloging agency DLC
Transcribing agency AU
Modifying agency DLC
042 ## - AUTHENTICATION CODE
Authentication code premarc
050 00 - LIBRARY OF CONGRESS CALL NUMBER
Classification number L142
Item number .B35 no. 264
110 1# - MAIN ENTRY--CORPORATE NAME
Corporate name or jurisdiction name as entry element Illinois.
Subordinate unit Office of the Superintendent of Public Instruction.
245 10 - TITLE STATEMENT
Title List of books and prices.
Statement of responsibility, etc. Issued by the superintendent of public instruction, July 15, 1932. In accordance with the provisions of an act to regulate the adoption, sale and distribution of school textbooks. (Printed by authority of the state of Illinois)
260 ## - PUBLICATION, DISTRIBUTION, ETC.
Place of publication, distribution, etc. [Springfield?
Date of publication, distribution, etc. 1932]
300 ## - PHYSICAL DESCRIPTION
Extent 165 p.
Dimensions 23 cm.
490 0# - SERIES STATEMENT
Series statement Circular ;
Volume/sequential designation no. 264
650 #0 - SUBJECT ADDED ENTRY--TOPICAL TERM
Topical term or geographic name entry element Textbooks
Geographic subdivision Illinois.
740 0# - ADDED ENTRY--UNCONTROLLED RELATED/ANALYTICAL TITLE
Uncontrolled related/analytical title Illinois official list of text books and prices.

No items available.

Powered by Koha